• 首页
  • 本馆介绍
  • 公告通知
  • 最新文献
  • 馆藏检索
  • 电子资源
  • 读者导购
  • 参考咨询
  • 我的图书馆
  • 登录
  • 详细信息显示
  • 放入我的书架
  • 预约/预借图书
  • 作者相关作品
  • 分类相关作品
  • 丛书相关作品
  • 出版社相关作品

书目信息

  • 表格格式
  • 工作单格式
  • 卡片格式
题名:
随唐音研究
    
 
作者: 葛毅卿 著 ;李葆嘉 校
分册:  
出版信息: 南京   南京师范大学出版社  2003
页数: 467页
开本: 20cm
丛书名: 随园文库
单 册:
中图分类: H113.1
科图分类:
主题词: 切韵--研究 , 汉语--中古音--研究--中国--随唐时代
电子资源:
ISBN: 7-81047-754-4
000 00724nam2 2200253 45
001 0410191060
005 20041019110515.7
010    @a7-81047-754-4@dCNY45.00
100    @a20041019d2003 km y0chiy0120 ea
101 0  @achi
105    @a z 000yy
200 1  @a随唐音研究@ASui Tang Yin Yan Jiu@f葛毅卿著@FGe Yi Qing Zhu@g李葆嘉校
210    @a南京@c南京师范大学出版社@d2003
215    @a467页@d20cm
225    @a随园文库
300    @a附录:葛毅卿先生小传等
410    @12001 @a随园文库
606 0  @a切韵@x研究
606 0  @a汉语@x中古音@x研究@y中国@z随唐时代
690    @aH113.1@v4
701  0 @a葛毅卿@4著
702  0 @a李葆嘉@ALi Bao Jia@4校
801    @aCN@bTSTCL@c20041019
905    @b335930-934@dH113.1@e87@f5
    
    随唐音研究/葛毅卿著/李葆嘉校.-南京:南京师范大学出版社,2003
    467页;20cm.-(随园文库)
    附录:葛毅卿先生小传等
    
    ISBN 7-81047-754-4:CNY45.00
    
●
相关链接 在E读中查询图书 在五车中查询图书 在当当中查询图书 在豆瓣中查询图书


正题名:随唐音研究     索取号:H113.1/87         预约/预借

序号 登录号 条形码 馆藏地/架位号 状态 备注
1 0335930   203359301   第四借阅区/ [索取号:H113.1/87] 在馆    
2 0335931   203359310   第四借阅区/ [索取号:H113.1/87] 在馆    
3 0335932   203359329   第四借阅区/ [索取号:H113.1/87] 在馆    
4 0335933   203359338   第四借阅区/ [索取号:H113.1/87] 在馆    
5 0335934   203359347   第二样本阅览室/ [索取号:H113.1/87] 在馆    
唐山师范学院图书馆 欢迎您!
大连网信软件有限公司© 版权所有